<?xml version="1.0" encoding="UTF-8"?><?xml-stylesheet type="text/xsl" href="static/style.xsl"?><OAI-PMH xmlns="http://www.openarchives.org/OAI/2.0/" xmlns:xsi="http://www.w3.org/2001/XMLSchema-instance" xsi:schemaLocation="http://www.openarchives.org/OAI/2.0/ http://www.openarchives.org/OAI/2.0/OAI-PMH.xsd"><responseDate>2026-04-25T08:26:48Z</responseDate><request verb="GetRecord" identifier="oai:uvadoc.uva.es:10324/31483" metadataPrefix="marc">https://uvadoc.uva.es/oai/request</request><GetRecord><record><header><identifier>oai:uvadoc.uva.es:10324/31483</identifier><datestamp>2021-06-29T22:04:49Z</datestamp><setSpec>com_10324_38</setSpec><setSpec>col_10324_852</setSpec></header><metadata><record xmlns="http://www.loc.gov/MARC21/slim" xmlns:doc="http://www.lyncode.com/xoai" xmlns:xsi="http://www.w3.org/2001/XMLSchema-instance" xmlns:dcterms="http://purl.org/dc/terms/" xsi:schemaLocation="http://www.loc.gov/MARC21/slim http://www.loc.gov/standards/marcxml/schema/MARC21slim.xsd">
<leader>00925njm 22002777a 4500</leader>
<datafield tag="042" ind1=" " ind2=" ">
<subfield code="a">dc</subfield>
</datafield>
<datafield tag="720" ind1=" " ind2=" ">
<subfield code="a">Becerril Fernández, Ester</subfield>
<subfield code="e">author</subfield>
</datafield>
<datafield tag="260" ind1=" " ind2=" ">
<subfield code="c">2018</subfield>
</datafield>
<datafield tag="520" ind1=" " ind2=" ">
<subfield code="a">Tradicionalmente, las empresas han sido consideradas organizaciones cuyo fin último era la maximización del beneficio, por lo que la responsabilidad que asumían era estrictamente económica. Esta perspectiva ha evolucionado hacia una nueva realidad donde la empresa tiene que responder de su actuación empresarial frente a la sociedad. La Responsabilidad Social Corporativa (RSC) es considerada en la actualidad como un elemento primordial en los planes estratégicos de las empresas, principalmente, de las grandes sociedades.&#xd;
Aunque se trata de un concepto pluridimensional y transversal que atañe a todos los ámbitos de gestión de la empresa; desde la protección de la salud y seguridad laboral hasta el fomento del empleo, pasando por la lucha contra el fraude y la protección medioambiental, en los últimos años el problema de la desigualdad por razón de género se ha situado como uno de los desafíos más cruciales. Cada vez son más las políticas elaboradas y las medidas implementadas de Responsabilidad Social de Género (RSG) para luchar contra esta lacra discriminativa.</subfield>
</datafield>
<datafield tag="024" ind2=" " ind1="8">
<subfield code="a">http://uvadoc.uva.es/handle/10324/31483</subfield>
</datafield>
<datafield tag="245" ind1="0" ind2="0">
<subfield code="a">El balance social en la empresa: igualdad de género en la RSC</subfield>
</datafield>
</record></metadata></record></GetRecord></OAI-PMH>